Dynamics of personel management in india / (Record no. 129238)

MARC details
000 -LEADER
fixed length control field 00636nam a22002057a 4500
005 - DATE AND TIME OF LATEST TRANSACTION
control field 20170124110053.0
010 ## - LIBRARY OF CONGRESS CONTROL NUMBER
LC control number 712676
020 ## - INTERNATIONAL STANDARD BOOK NUMBER
Terms of availability 00.00
035 ## - SYSTEM CONTROL NUMBER
System control number 712676
037 ## - SOURCE OF ACQUISITION
Source of stock number/acquisition Cen Lib/Ret
082 ## - DEWEY DECIMAL CLASSIFICATION NUMBER
Classification number 658.30954
Item number DYN
245 ## - TITLE STATEMENT
Title Dynamics of personel management in india /
Statement of responsibility, etc edited by R.D. Agarwal
260 ## - PUBLICATION, DISTRIBUTION, ETC. (IMPRINT)
Place of publication, distribution, etc New Delhi
Name of publisher, distributor, etc Tata McGraw-Hill Publishing Company
Date of publication, distribution, etc 1973
270 ## - ADDRESS
City New Delhi
300 ## - PHYSICAL DESCRIPTION
Extent xv, 323p.
Dimensions 20cm(Hb)
650 ## - SUBJECT ADDED ENTRY--TOPICAL TERM
Topical term or geographic name as entry element Personel management
9 (RLIN) 25806
650 ## - SUBJECT ADDED ENTRY--TOPICAL TERM
Topical term or geographic name as entry element Administrative and management problems
9 (RLIN) 25807
700 ## - ADDED ENTRY--PERSONAL NAME
Personal name Agarwal, R.D.
9 (RLIN) 17245
942 ## - ADDED ENTRY ELEMENTS (KOHA)
Source of classification or shelving scheme Dewey Decimal Classification
Koha item type English Books
Classification part 658.30954
Call number suffix DYN
Holdings
Withdrawn status Lost status Damaged status Not for loan Home library Current library Date acquired Source of acquisition Cost, normal purchase price Total Checkouts Full call number Barcode Date last seen Copy number Cost, replacement price Price effective from Koha item type Public note
Written off       Central Library Central Library 04/07/2015 Cen Lib/Ret 0.00   658.30954 DYN 712676 04/07/2015 1 0.00 04/07/2015 English Books W/d List No. 6884/5 ; dtd 05/09/2020

© Delhi Public Library
Hit Counter
free hit counter